Kostarykańska imigracja według państw - Statystyki

Ogólne statystyki
  • Ten quiz został rozwiązany 72 razy
  • Średni wynik to 16 z 20
Statystyki odpowiedzi
Ludzie Państwo % Poprawnych
14 000 Stany Zjednoczone
98%
3 400 Meksyk
95%
2 000 Brazylia
92%
22 600 Kolumbia
92%
6 100 Kuba
90%
12 500 Panama
90%
1 520 Kanada
88%
15 000 Salwador
88%
36 000 Wenezuela
87%
1 600 Argentyna
85%
4 200 Peru
85%
1 900 Chile
83%
1 400 Ekwador
82%
310 000 Nikaragua
82%
3 000 Gwatemala
80%
2 400 Hiszpania
73%
4 400 Honduras
72%
3 600 Chiny
68%
2 400 Włochy
57%
2 000 Niemcy
55%
Nie znaleziono quizów pasujących do podanych kryteriów
Rozkład punktacji
Procent ludzi z każdym wynikiem
Percentyl według liczby udzielonych odpowiedzi
Twoja historia wyników
Nie rozwiązałeś tego quizu